000
00260nam a22001097a 4500
008
170126b xxu||||| |||| 00| 0 eng d
020
_a
9780781781206
041
_a
eng
080
_a
61
245
_a
LEARNING TO CODE WITH CPT/HCPCS
_c
FALEN, TH.J
942
_2
udc
_c
BK
999
_c
3726
_d
3726